[Event "Kieler Open 2019-A"]
[Site "Kiel"]
[Date "2019.07.30"]
[Round "6.15"]
[White "Lebeda, Timo"]
[Black "Berenstein, Alexander"]
[Result "1-0"]
[WhiteElo "2107"]
[BlackElo "1972"]
[Annotator "M.Z."]
[PlyCount "109"]
[EventDate "2019.??.??"]
[WhiteTeam "SK Bebenhausen"]
[BlackTeam "SV VHS Rendsburg"]

1. c4 e6 2. g3 Nf6 3. Bg2 d5 4. d4 c6 5. Nf3 Nbd7 6. O-O dxc4 7. Qc2 Nb6 8.
Nbd2 Be7 9. Nxc4 Nxc4 10. Qxc4 Qd5 11. Qa4 Qd8 12. Bd2 O-O 13. Rfc1 Ne4 14. Be1
f5 15. b4 a6 16. Qb3 Kh8 17. a4 Bf6 18. e3 Qe8 19. Ne5 Bxe5 20. dxe5 Ng5 21. h4
Nf7 22. f4 Nh6 23. b5 axb5 24. axb5 Rxa1 25. Rxa1 cxb5 26. Ra5 Ng4 27. Bb4 Rg8
28. e4 Qc6 29. Qc3 fxe4 30. Qxc6 bxc6 31. Bxe4 Bb7 32. Ra7 Ba8 33. Re7 g6 34.
Rxe6 c5 35. Bxa8 cxb4 36. Bf3 Ne3 37. Rb6 Nf5 38. Kf2 Rc8 39. Rxb5 Rc2+ 40. Ke1
Rc3 41. Bd5 Rxg3 42. Rxb4 Nxh4 43. Kf2 Rc3 44. Rb8+ Kg7 45. Rg8+ Kh6 46. Be4
Kh5 47. Rg7 h6 48. e6 Nf5 49. Bxf5 gxf5 50. e7 Rc8 51. Ke3 Kh4 52. Kd4 Kh3 53.
Ke5 h5 54. Kxf5 h4 55. Kf6 1-0

[Event "Kieler Open 2019-A"]
[Site "Kiel"]
[Date "2019.07.30"]
[Round "6.16"]
[White "Gombert, Reiner"]
[Black "Wunder, Niklas"]
[Result "1/2-1/2"]
[WhiteElo "1918"]
[BlackElo "2095"]
[Annotator "M.Z."]
[PlyCount "121"]
[EventDate "2019.??.??"]
[WhiteTeam "Schleswiger SV von 1919"]
[BlackTeam "Weiler/Allgäu"]

1. e4 e5 2. Nf3 Nc6 3. d4 exd4 4. Bc4 Nf6 5. O-O Nxe4 6. Re1 d5 7. Bxd5 Qxd5 8.
Nc3 Qa5 9. Nxe4 Be6 10. Bd2 Qf5 11. Bg5 h6 12. Nh4 Qa5 13. Bd2 Qd5 14. a3 Be7
15. Nf3 f5 16. Ng3 O-O-O 17. Qe2 Bd7 18. b4 Bd6 19. Qd3 Ne5 20. Nxe5 Bxe5 21.
c4 Qd6 22. Nxf5 Bxh2+ 23. Kh1 Qf6 24. Ne7+ Kb8 25. Kxh2 Rde8 26. Nd5 Qxf2 27.
Rxe8+ Rxe8 28. Rf1 Qh4+ 29. Kg1 c6 30. Bf4+ Kc8 31. Bg3 Qg5 32. Bf4 Qg4 33.
Qxd4 cxd5 34. Qc5+ Kd8 35. Bc7+ Kc8 36. Bd6+ Bc6 37. cxd5 Re2 38. Rf8+ Kd7 39.
dxc6+ bxc6 40. Qxa7+ Kxd6 41. Rd8+ Ke5 42. Qe7+ Kf5 43. Qf7+ Ke5 44. Re8+ Kd6
45. Rd8+ Ke5 46. Qc7+ Kf5 47. Rf8+ Kg6 48. Qd6+ Kh7 49. Qd3+ g6 50. Rf2 Re1+
51. Rf1 Re2 52. Qf3 Qd4+ 53. Kh2 Qh4+ 54. Qh3 Qe7 55. Rd1 Qe5+ 56. Kh1 Re1+ 57.
Rxe1 Qxe1+ 58. Kh2 Qe5+ 59. Qg3 Qh5+ 60. Kg1 Qd1+ 61. Kh2 1/2-1/2

[Event "Kieler Open 2019-A"]
[Site "Kiel"]
[Date "2019.07.30"]
[Round "6.17"]
[White "Schmidt, Peter"]
[Black "Besenthal, Klaus-Günther"]
[Result "1/2-1/2"]
[WhiteElo "1881"]
[BlackElo "2070"]
[Annotator "M.Z."]
[PlyCount "103"]
[EventDate "2019.??.??"]
[WhiteTeam "Kieler SG"]
[BlackTeam "SC Schachelschweine"]

1. e4 Nc6 2. d4 d5 3. Nc3 e6 4. Nf3 Nf6 5. e5 Ne4 6. Bd3 Bb4 7. O-O Nxc3 8.
bxc3 Bxc3 9. Rb1 h6 10. Ba3 a5 11. Bb5 Bd7 12. Qd3 Bb4 13. Bc1 Be7 14. c3 Kf8
15. Qe2 a4 16. Bd3 Na5 17. Be3 g6 18. Nd2 Kg7 19. f4 c5 20. Qg4 h5 21. Qg3 h4
22. Qf3 Rc8 23. g4 hxg3 24. Qxg3 cxd4 25. Bxd4 Bc5 26. f5 Bxd4+ 27. cxd4 exf5
28. Bxf5 Bxf5 29. Rxf5 Qh4 30. Rf4 Qxg3+ 31. hxg3 Rc2 32. Nf3 Rhc8 33. Rb5 Rxa2
34. Ng5 Rc1+ 35. Rf1 Rxf1+ 36. Kxf1 Nc4 37. Rxb7 a3 38. Ra7 Ne3+ 39. Kg1 Rg2+
40. Kh1 Rxg3 41. Nxf7 Nf5 42. Nd6+ Kh6 43. Nb5 Nxd4 44. Nxd4 Rd3 45. Ra4 a2 46.
Ne6 Rh3+ 47. Kg2 Rh5 48. Ra8 Kh7 49. Nf8+ Kg7 50. Nd7 Kf7 51. Nf6 Rxe5 52. Nxd5
1/2-1/2

[Event "Kieler Open 2019-A"]
[Site "Kiel"]
[Date "2019.07.30"]
[Round "6.18"]
[White "Haffner, Alexander"]
[Black "Boyens, Birger"]
[Result "1-0"]
[WhiteElo "2117"]
[BlackElo "1918"]
[Annotator "M.Z."]
[PlyCount "85"]
[EventDate "2019.??.??"]
[WhiteTeam "SC Agon Neumünster"]
[BlackTeam "Husumer SV von 1898"]

1. d4 f5 2. Nf3 Nf6 3. c4 g6 4. g3 Bg7 5. Bg2 O-O 6. Nc3 d6 7. O-O c6 8. Qc2
Na6 9. Bg5 Be6 10. b3 d5 11. Bxf6 Bxf6 12. cxd5 Nb4 13. Qd2 Nxd5 14. Na4 b6 15.
Rad1 Qd6 16. Nb2 f4 17. Nd3 fxg3 18. hxg3 Bf5 19. Nde5 Be4 20. Bh3 Bf5 21. Bg2
Be4 22. Qc1 Nb4 23. a3 Nc2 24. Nc4 Qd5 25. Nce5 Rad8 26. Bh3 Qxb3 27. Ng5 Bxg5
28. Qxg5 Rxd4 29. Qxe7 Bd5 30. Rxd4 Nxd4 31. Nd7 Rf7 32. Qe8+ Kg7 33. Qe5+ Kg8
34. Qxd4 Qxa3 35. e4 Rf4 36. Nf6+ Kf7 37. Nxd5 cxd5 38. Qxd5+ Kg7 39. Qe5+ Rf6
40. Rd1 Qf3 41. Qd4 Kh6 42. Rd3 Qe2 43. Bf1 1-0

[Event "Kieler Open 2019-A"]
[Site "Kiel"]
[Date "2019.07.30"]
[Round "6.19"]
[White "Hartwig, Frank"]
[Black "Papesch, Dennis"]
[Result "1/2-1/2"]
[WhiteElo "2059"]
[BlackElo "1880"]
[Annotator "M.Z."]
[PlyCount "59"]
[EventDate "2019.??.??"]
[WhiteTeam "SC Schönberg"]
[BlackTeam "Raisdorfer SG"]

1. e4 c6 2. d4 d5 3. Nc3 dxe4 4. Nxe4 Bf5 5. Ng3 Bg6 6. Nf3 Nd7 7. Bd3 Ngf6 8.
h4 e6 9. c3 Bd6 10. h5 Bxd3 11. Qxd3 Qc7 12. Ne4 Nxe4 13. Qxe4 Nf6 14. Qh4 h6
15. g3 O-O-O 16. Kf1 Kb8 17. b4 Nd5 18. Bb2 Rhe8 19. Kg2 Nb6 20. Rae1 Nc4 21.
Bc1 Ka8 22. Re2 Re7 23. Rhe1 Rde8 24. Nd2 Nxd2 25. Bxd2 e5 26. dxe5 Rxe5 27.
Rxe5 Rxe5 28. Rxe5 Bxe5 29. Qc4 Qd7 30. Bf4 1/2-1/2

[Event "Kieler Open 2019-A"]
[Site "Kiel"]
[Date "2019.07.30"]
[Round "6.20"]
[White "Sallandt, Frido"]
[Black "Kröncke, Manfred"]
[Result "1/2-1/2"]
[WhiteElo "1680"]
[BlackElo "2047"]
[Annotator "M.Z."]
[PlyCount "111"]
[EventDate "2019.??.??"]
[WhiteTeam "SV Bad Schwartau"]
[BlackTeam "SG Glückstadt von 1920"]

1. e4 c5 2. Nc3 Nc6 3. g3 g6 4. Bg2 Bg7 5. d3 d6 6. Nge2 e6 7. O-O Nge7 8. Be3
Nd4 9. Nf4 O-O 10. Rb1 Rb8 11. Nce2 e5 12. Nd5 Nxd5 13. exd5 Nf5 14. Qd2 Nxe3
15. Qxe3 Bd7 16. a3 a5 17. c3 Re8 18. b4 b6 19. b5 Rb7 20. a4 g5 21. Qd2 f5 22.
f3 Bc8 23. h3 h5 24. Rbd1 Rc7 25. c4 Qf6 26. Kh1 Rce7 27. Kg1 Bh6 28. Qc2 Qg6
29. Kh1 Bg7 30. Qd2 Bf6 31. Kg1 Rg7 32. Kh1 Rge7 33. Kg1 Bg7 34. Kh1 Bd7 35.
Kg1 Bh6 36. Qc3 g4 37. fxg4 Be3+ 38. Kh1 hxg4 39. h4 Qh6 40. Kh2 Rh7 41. Rh1
Qf6 42. Qe1 Rh6 43. Nc3 Bd4 44. Ne2 Be3 45. Nc3 f4 46. Be4 fxg3+ 47. Kxg3 Bf4+
48. Kg2 g3 49. Bf3 Rxh4 50. Ne4 Qh6 51. Rxh4 Qxh4 52. Qh1 Qxh1+ 53. Rxh1 Rd8
54. Nxd6 Bh3+ 55. Rxh3 Rxd6 56. Rh1 1/2-1/2

[Event "Kieler Open 2019-A"]
[Site "Kiel"]
[Date "2019.07.30"]
[Round "6.21"]
[White "Meyer, Henrik"]
[Black "Rosenburg, Hauke"]
[Result "1/2-1/2"]
[WhiteElo "2007"]
[BlackElo "1925"]
[Annotator "M.Z."]
[PlyCount "82"]
[EventDate "2019.??.??"]
[WhiteTeam "TuRa Harksheide"]
[BlackTeam "SF Burg von 1966"]

1. e4 c6 2. d4 g6 3. c4 Bg7 4. Nc3 d6 5. f4 Nh6 6. Be2 O-O 7. Be3 Na6 8. g4 f6
9. f5 e6 10. Qd2 Nf7 11. fxg6 hxg6 12. h4 e5 13. d5 f5 14. gxf5 gxf5 15. exf5
Bxf5 16. Nf3 Nb4 17. Rc1 c5 18. a3 Na6 19. Ng5 Nxg5 20. hxg5 Bg6 21. Bg4 Nc7
22. Qh2 a6 23. Kd2 Qe8 24. Ne2 b5 25. Ng3 bxc4 26. Nh5 Rb8 27. b4 Qf7 28. Be6
Nxe6 29. dxe6 Qf5 30. Nxg7 Qd3+ 31. Ke1 Qxe3+ 32. Kd1 Qf3+ 33. Ke1 Qe4+ 34. Kd1
Bh7 35. e7 Qd3+ 36. Ke1 Qe3+ 37. Kd1 Qd3+ 38. Ke1 Qe4+ 39. Kd1 Qf3+ 40. Ke1
Qe4+ 41. Kd1 Qd3+ 1/2-1/2

[Event "Kieler Open 2019-A"]
[Site "Kiel"]
[Date "2019.07.30"]
[Round "6.22"]
[White "Probst, Alexander"]
[Black "Basey, Matthew"]
[Result "1/2-1/2"]
[WhiteElo "1969"]
[BlackElo "1852"]
[Annotator "M.Z."]
[PlyCount "43"]
[EventDate "2019.??.??"]
[WhiteTeam "SC Blauer Turm Bad Wimpfen"]
[BlackTeam "Kieler SG"]

1. e4 c6 2. d4 d5 3. Nc3 dxe4 4. Nxe4 Bf5 5. Ng3 Bg6 6. Nf3 e6 7. Bd3 Nd7 8.
O-O Ngf6 9. Re1 Be7 10. Qe2 Bxd3 11. Qxd3 c5 12. Ne4 O-O 13. Bg5 Nxe4 14. Bxe7
Nxf2 15. Qxh7+ Kxh7 16. Bxd8 Nh3+ 17. gxh3 Rfxd8 18. Rad1 cxd4 19. Rxd4 Nf6 20.
Red1 Rxd4 21. Rxd4 Rc8 22. c4 1/2-1/2

[Event "Kieler Open 2019-A"]
[Site "Kiel"]
[Date "2019.07.30"]
[Round "6.23"]
[White "Glinzner, Alva"]
[Black "Stegert, Jonas"]
[Result "1/2-1/2"]
[WhiteElo "1941"]
[BlackElo "1495"]
[Annotator "M.Z."]
[PlyCount "38"]
[EventDate "2019.??.??"]
[WhiteTeam "Lübecker SV"]
[BlackTeam "SC Agon Neumünster"]

1. e4 e5 2. Nf3 Nf6 3. Nxe5 d6 4. Nf3 Nxe4 5. Nc3 Nxc3 6. dxc3 Be7 7. Bd3 Nc6
8. Bf4 Be6 9. Qd2 Qd7 10. O-O-O O-O-O 11. Kb1 Kb8 12. Nd4 Nxd4 13. cxd4 Qa4 14.
Qc3 Qxa2+ 15. Kc1 Qd5 16. f3 Bg5 17. Qd2 Qa2 18. c3 Qa1+ 19. Kc2 Qa4+ 1/2-1/2

[Event "Kieler Open 2019-A"]
[Site "Kiel"]
[Date "2019.07.30"]
[Round "6.24"]
[White "Friedel, Marcus"]
[Black "Mohamed, Galal"]
[Result "1-0"]
[WhiteElo "2162"]
[BlackElo "1833"]
[Annotator "M.Z."]
[PlyCount "75"]
[EventDate "2019.??.??"]
[WhiteTeam "SK 1926 Ettlingen"]
[BlackTeam "VSF Flintbek"]

1. e4 e6 2. d4 d5 3. exd5 exd5 4. Nf3 Nf6 5. Bd3 Bd6 6. Qe2+ Qe7 7. Qxe7+ Bxe7
8. Bf4 c6 9. O-O O-O 10. Re1 Re8 11. Nbd2 Bg4 12. Ne5 Be6 13. Ndf3 h6 14. Re2
Nbd7 15. Rae1 Bf8 16. Nxd7 Nxd7 17. Bf5 g5 18. Bc1 Bg7 19. Bxe6 Rxe6 20. Rxe6
fxe6 21. Rxe6 Kf7 22. Re1 Re8 23. Rxe8 Kxe8 24. h3 Kf7 25. c3 Kg6 26. g4 Bf6
27. Nd2 Be7 28. Nb3 Bd6 29. Na5 Bc7 30. Nxb7 Kf7 31. Kg2 Kg6 32. Be3 Kg7 33. b3
Kg6 34. Kf1 Kf6 35. Ke2 Ke7 36. Kd3 Bd6 37. Nxd6 Kxd6 38. f4 1-0

[Event "Kieler Open 2019-A"]
[Site "Kiel"]
[Date "2019.07.30"]
[Round "6.25"]
[White "Kollhoff, Josef"]
[Black "Jurkic, Bosiljko"]
[Result "0-1"]
[WhiteElo "1833"]
[BlackElo "2046"]
[Annotator "M.Z."]
[PlyCount "94"]
[EventDate "2019.??.??"]
[WhiteTeam "Kieler SG"]
[BlackTeam "SC Blauer Turm Bad Wimpfen"]

1. d4 Nf6 2. c4 e6 3. Nc3 d5 4. cxd5 exd5 5. Bg5 Be7 6. e3 O-O 7. Bd3 c6 8. Qc2
Nbd7 9. Nf3 Re8 10. O-O g6 11. h3 Nf8 12. Bf4 Ne6 13. Bh2 Ng7 14. a3 Bf5 15. b4
a6 16. Rab1 Bxd3 17. Qxd3 Nf5 18. a4 Nd6 19. b5 axb5 20. Bxd6 Bxd6 21. axb5 Ra3
22. Qc2 Qa5 23. Rb3 Rc8 24. Rxa3 Qxa3 25. Nb1 Qa5 26. bxc6 Rxc6 27. Qb2 b5 28.
Nfd2 b4 29. Rc1 Rxc1+ 30. Qxc1 Qa4 31. g3 Kg7 32. Kg2 Qa2 33. Qd1 h5 34. Qb3
Qa6 35. Qd1 Qd3 36. Qf1 Qc2 37. Qb5 Bf8 38. f3 Qd1 39. Qf1 Qa4 40. Qd3 Bd6 41.
Nb3 Qc6 42. N1d2 Qc7 43. f4 Qc6 44. Kf1 Bf8 45. Ke2 Qe6 46. h4 Qh3 47. Kf2 Ng4+
0-1

[Event "Kieler Open 2019-A"]
[Site "Kiel"]
[Date "2019.07.30"]
[Round "6.26"]
[White "Köllner, Aaron Noah"]
[Black "Srimathi Raajesh"]
[Result "1-0"]
[WhiteElo "2044"]
[BlackElo "1832"]
[Annotator "M.Z."]
[PlyCount "109"]
[EventDate "2019.??.??"]
[WhiteTeam "SG Bochum 1931"]

1. d4 Nf6 2. Nf3 e6 3. Bg5 d5 4. e3 Bd6 5. Nbd2 Nbd7 6. Bd3 O-O 7. c3 c5 8. O-O
c4 9. Bc2 b5 10. e4 dxe4 11. Nxe4 Be7 12. a4 Ba6 13. axb5 Bxb5 14. Bf4 Nb6 15.
Qe2 Nbd5 16. Be5 Nxe4 17. Bxe4 Bf6 18. Bg3 a6 19. Ne5 Rc8 20. h4 Bxe5 21. dxe5
Ne7 22. Rfd1 Qc7 23. h5 Nf5 24. Bf4 f6 25. Bc2 g5 26. Bh2 fxe5 27. Bxe5 Qf7 28.
Qg4 h6 29. Rd2 Rc5 30. Re2 Bc6 31. Rxa6 Qb7 32. Ra1 Bd5 33. Be4 Rb5 34. Bxd5
exd5 35. Bd4 Rxb2 36. Rxb2 Qxb2 37. Ra7 Qb1+ 38. Kh2 Qb8+ 39. g3 Nxd4 40. Qxd4
Rf7 41. Rxf7 Kxf7 42. Qxd5+ Kg7 43. Qxc4 Qe8 44. Qd4+ Kh7 45. Qd3+ Kh8 46. Qf3
Qe6 47. c4 Qxc4 48. Qf6+ Kg8 49. Qg6+ Kf8 50. Qxh6+ Kf7 51. Qg6+ Kf8 52. Qxg5
Qe2 53. Qf5+ Kg7 54. Qg6+ Kf8 55. Kg2 1-0

[Event "Kieler Open 2019-A"]
[Site "Kiel"]
[Date "2019.07.30"]
[Round "6.27"]
[White "Bräutigam, Katerina"]
[Black "Barten, Ralf"]
[Result "0-1"]
[WhiteElo "1837"]
[BlackElo "2035"]
[Annotator "M.Z."]
[PlyCount "82"]
[EventDate "2019.??.??"]
[WhiteTeam "SV VHS Rendsburg"]
[BlackTeam "SW Remscheid"]

1. e4 c5 2. Nc3 Nc6 3. g3 g6 4. Bg2 Bg7 5. d3 e6 6. f4 Nge7 7. Be3 b6 8. Nf3
Bb7 9. O-O O-O 10. d4 cxd4 11. Nxd4 Nxd4 12. Bxd4 Bxd4+ 13. Qxd4 d5 14. exd5
Nxd5 15. Nxd5 Bxd5 16. Bxd5 exd5 17. Rad1 Qc7 18. c3 Rad8 19. Rd2 Rfe8 20. Rfd1
b5 21. Qf2 a5 22. Rd4 Re4 23. Rxd5 Rxd5 24. Rxd5 Qe7 25. Rd2 Re1+ 26. Kg2 Qe4+
27. Qf3 Rg1+ 28. Kxg1 Qxf3 29. a3 Kg7 30. Rf2 Qe4 31. h3 Kf6 32. Kh2 Ke6 33.
Rd2 Qe3 34. Rc2 Qd3 35. Rg2 Kd5 36. Rf2 Kc4 37. g4 h5 38. gxh5 gxh5 39. f5 f6
40. Rf4+ Kb3 41. Rf2 h4 0-1

[Event "Kieler Open 2019-A"]
[Site "Kiel"]
[Date "2019.07.30"]
[Round "6.28"]
[White "Priemer, Siegfried"]
[Black "Großelohmann, Gerhard"]
[Result "1/2-1/2"]
[WhiteElo "1833"]
[BlackElo "1999"]
[Annotator "M.Z."]
[PlyCount "104"]
[EventDate "2019.??.??"]
[WhiteTeam "SC Agon Neumünster"]
[BlackTeam "Königsspr Braunschweig"]

1. d4 Nf6 2. c4 c5 3. d5 b5 4. cxb5 a6 5. b6 Qxb6 6. Nc3 d6 7. e4 Nbd7 8. Nf3
g6 9. Be2 Bg7 10. O-O O-O 11. Nd2 Qc7 12. Nc4 Rb8 13. Bd2 Nb6 14. Qc2 Bd7 15.
Rab1 Nxc4 16. Bxc4 Bb5 17. Nd1 Nd7 18. b3 Ne5 19. Ne3 Rfc8 20. f4 Nxc4 21. Nxc4
e6 22. f5 Bd4+ 23. Kh1 exf5 24. exf5 Re8 25. Bf4 Bxc4 26. Qxc4 Be5 27. Bxe5
Rxe5 28. fxg6 hxg6 29. Qxa6 Rxd5 30. Qc4 Re5 31. b4 Qb7 32. b5 Rbe8 33. b6 Re2
34. Qg4 Rxa2 35. Qf3 Rb8 36. Qxb7 Rxb7 37. Rfd1 d5 38. Rxd5 Rxb6 39. Rc1 Rc6
40. h3 c4 41. Rc3 Kg7 42. Rd4 Ra4 43. Kh2 Rb4 44. h4 Rc5 45. g3 Kf6 46. Re3
Rb2+ 47. Kh3 c3 48. Rf3+ Kg7 49. Rd7 Rf5 50. Rxf5 gxf5 51. Rc7 c2 52. Rc6 Ra2
1/2-1/2

[Event "Kieler Open 2019-A"]
[Site "Kiel"]
[Date "2019.07.30"]
[Round "6.29"]
[White "Rosenburg, Thies"]
[Black "Mieck, Jale"]
[Result "0-1"]
[WhiteElo "1778"]
[BlackElo "1964"]
[Annotator "M.Z."]
[PlyCount "90"]
[EventDate "2019.??.??"]
[WhiteTeam "SF Burg von 1966"]
[BlackTeam "Kiel"]

1. c4 Nc6 2. Nc3 Nf6 3. g3 e5 4. Bg2 Bc5 5. Nf3 d6 6. d3 O-O 7. O-O Bb6 8. Rb1
Be6 9. b4 Ne7 10. e4 c6 11. h3 Ng6 12. Kh2 d5 13. c5 Bc7 14. Ng5 Bc8 15. exd5
cxd5 16. Nf3 d4 17. Ne2 Nd5 18. Nd2 h5 19. Ne4 Be6 20. Ng5 Bf5 21. Qb3 Nge7 22.
Bf3 h4 23. Kg2 f6 24. Ne4 Be6 25. Qd1 hxg3 26. fxg3 Nf5 27. Kh2 Nfe3 28. Qe1 f5
29. Nd2 Nxf1+ 30. Nxf1 Qf6 31. h4 e4 32. Bg5 Qe5 33. dxe4 fxe4 34. Bg2 Bg4 35.
Nf4 Nxf4 36. Bxf4 Rxf4 37. gxf4 Qxf4+ 38. Kg1 Bf3 39. Qf2 Bxg2 40. Qxf4 Bxf4
41. Kxg2 Rf8 42. Rd1 d3 43. b5 Kf7 44. Nd2 Bxd2 45. Rxd2 Ke6 0-1

[Event "Kieler Open 2019-A"]
[Site "Kiel"]
[Date "2019.07.30"]
[Round "6.30"]
[White "Wendler, Werner"]
[Black "Omert, Oliver"]
[Result "0-1"]
[WhiteElo "1954"]
[BlackElo "1815"]
[Annotator "M.Z."]
[PlyCount "110"]
[EventDate "2019.??.??"]
[WhiteTeam "SK Bebenhausen"]
[BlackTeam "SK Bebenhausen"]

1. d4 d5 2. c4 dxc4 3. Nf3 Nf6 4. e3 a6 5. Bxc4 b5 6. Bd3 Bb7 7. O-O e6 8. a4
b4 9. b3 Nbd7 10. Bb2 c5 11. Nbd2 cxd4 12. exd4 Nb6 13. Nc4 Nbd5 14. Nce5 Bd6
15. Re1 O-O 16. Qd2 Qe7 17. Nc4 Bf4 18. Qe2 Bc7 19. g3 Rfc8 20. Nfd2 Bd8 21.
Ne4 Nxe4 22. Bxe4 Qd7 23. Qf1 Bf6 24. Qg2 Ra7 25. Rac1 Rd8 26. Ne3 g6 27. Rc2
Nxe3 28. fxe3 Bd5 29. Bxd5 exd5 30. Qf3 Bg7 31. Kg2 Rc7 32. Rec1 Rdc8 33. Qd1
Bh6 34. Rxc7 Rxc7 35. Rxc7 Qxc7 36. Qc1 Qe7 37. Kf2 Qe4 38. Qd2 Qh1 39. Bc1
Qxh2+ 40. Kf3 Qh1+ 41. Kf2 a5 42. Qe1 Qh2+ 43. Kf3 Qc2 44. Bd2 Qxb3 45. Qh1 Bf8
46. Ke2 Qc4+ 47. Kf2 Qd3 48. Qc1 Qc4 49. Kf3 Qxc1 50. Bxc1 f5 51. g4 fxg4+ 52.
Kxg4 Kf7 53. e4 dxe4 54. Bb2 Ke6 55. Kg5 e3 0-1

[Event "Kieler Open 2019-A"]
[Site "Kiel"]
[Date "2019.07.30"]
[Round "6.31"]
[White "Röhr, Oliver"]
[Black "Bücker, Timo"]
[Result "1-0"]
[WhiteElo "1948"]
[BlackElo "1778"]
[Annotator "M.Z."]
[PlyCount "79"]
[EventDate "2019.??.??"]
[WhiteTeam "SG Aufbau Elbe Magdeburg"]
[BlackTeam "SC Schleispringer Kappeln"]

1. e4 c5 2. Nf3 Nc6 3. d4 cxd4 4. Nxd4 e5 5. Nb5 a6 6. Nd6+ Bxd6 7. Qxd6 Qf6 8.
Qxf6 Nxf6 9. f3 d5 10. exd5 Nxd5 11. c3 O-O 12. Bd3 Be6 13. O-O Rad8 14. Bc2 b5
15. Re1 Rfe8 16. a3 f6 17. Nd2 Nf4 18. Ne4 Nd5 19. Nc5 Bf7 20. Nxa6 Ra8 21. Nc5
b4 22. Ba4 Rec8 23. cxb4 Nd4 24. Be3 Nxe3 25. Rxe3 Rxc5 26. bxc5 Rxa4 27. Rc1
Bc4 28. Kf2 Nb3 29. Rxc4 Rxc4 30. Rxb3 Rxc5 31. Rb8+ Kf7 32. b4 Rc3 33. a4 f5
34. a5 Ra3 35. Rb6 f4 36. h4 g6 37. Ra6 Kg7 38. b5 Kh6 39. Ra7 Ra2+ 40. Kg1 1-0

[Event "Kieler Open 2019-A"]
[Site "Kiel"]
[Date "2019.07.30"]
[Round "6.32"]
[White "Lawrenz, Sebastian"]
[Black "Grimm, Ling Leander"]
[Result "1-0"]
[WhiteElo "1924"]
[BlackElo "1691"]
[Annotator "M.Z."]
[PlyCount "87"]
[EventDate "2019.??.??"]
[WhiteTeam "SC Zitadelle Spandau"]
[BlackTeam "SK Bebenhausen"]

1. d4 g6 2. Bf4 Bg7 3. Nf3 d6 4. h3 Nd7 5. c3 e6 6. e4 Ne7 7. Bd3 h6 8. Na3 O-O
9. Qd2 Kh7 10. Nc2 b6 11. h4 e5 12. Bh2 Bb7 13. h5 c5 14. hxg6+ fxg6 15. d5 Nf6
16. Bg3 Bc8 17. Ne3 a6 18. Bh4 Nh5 19. O-O-O b5 20. c4 Bd7 21. Rdg1 Qe8 22. Qd1
Ng8 23. g4 Nf4 24. Bc2 Qf7 25. Rg3 Kh8 26. Kb1 h5 27. Ng5 Qe8 28. gxh5 Nxh5 29.
Rg2 Bh6 30. Rhg1 Nf4 31. Rh2 Kg7 32. Rgh1 Ra7 33. Ng4 Nh5 34. Qg1 Rf4 35. Nxh6
Nxh6 36. f3 Bg4 37. fxg4 Rxg4 38. Qd1 Re7 39. Rg1 Nf6 40. Rf1 Rf4 41. Rxf4 exf4
42. Ne6+ Kf7 43. Bxf6 Kxf6 44. Rxh6 1-0

[Event "Kieler Open 2019-A"]
[Site "Kiel"]
[Date "2019.07.30"]
[Round "6.33"]
[White "Salwasser, Christian"]
[Black "Karlisch, Moritz"]
[Result "0-1"]
[WhiteElo "1697"]
[BlackElo "1894"]
[Annotator "M.Z."]
[PlyCount "74"]
[EventDate "2019.??.??"]
[WhiteTeam "SC Rastatt"]
[BlackTeam "SK Doppelbauer Kiel"]

1. e4 e6 2. d4 d5 3. exd5 exd5 4. Nf3 Bd6 5. Bd3 Ne7 6. O-O O-O 7. c3 Bf5 8.
Bg5 f6 9. Be3 Bxd3 10. Qxd3 Nd7 11. Nbd2 c6 12. Rfe1 Re8 13. b4 a6 14. Nb3 Ng6
15. Nc5 Qc8 16. Bd2 Rxe1+ 17. Rxe1 b6 18. Nxd7 Qxd7 19. c4 b5 20. c5 Bc7 21.
Qe2 Kf7 22. g3 a5 23. a3 axb4 24. axb4 Rh8 25. h4 Nf8 26. Kg2 Ne6 27. Qe3 g6
28. Nh2 Ng7 29. Qf3 Nf5 30. Ng4 h5 31. Ne3 Nxd4 32. Qd1 Nf5 33. Nxf5 Qxf5 34.
Qb3 Re8 35. Ra1 Re2 36. Be3 Qe4+ 37. Kg1 Bxg3 0-1

[Event "Kieler Open 2019-A"]
[Site "Kiel"]
[Date "2019.07.30"]
[Round "6.34"]
[White "Rohmann, Volker"]
[Black "Schützhold, Frank"]
[Result "1/2-1/2"]
[WhiteElo "1752"]
[BlackElo "1860"]
[Annotator "M.Z."]
[PlyCount "31"]
[EventDate "2019.??.??"]
[WhiteTeam "SVG Friedrichsort"]
[BlackTeam "SC Naunhof"]

1. d4 Nf6 2. Nf3 e6 3. Bf4 b6 4. e3 Bb7 5. Bd3 Be7 6. h3 d6 7. O-O Nbd7 8. Nbd2
c5 9. c3 Qc7 10. Rc1 O-O 11. Qe2 e5 12. dxe5 dxe5 13. Bh2 Rfe8 14. Bc4 h6 15.
Rfd1 Bd6 16. Nh4 1/2-1/2

[Event "Kieler Open 2019-A"]
[Site "Kiel"]
[Date "2019.07.30"]
[Round "6.35"]
[White "Bernhardt, Gerd"]
[Black "Günther, Emil"]
[Result "1-0"]
[WhiteElo "2005"]
[BlackElo "1743"]
[Annotator "M.Z."]
[PlyCount "87"]
[EventDate "2019.??.??"]
[WhiteTeam "Eckernförder SC"]
[BlackTeam "SK Doppelbauer Kiel"]

1. d4 c5 2. d5 d6 3. e4 Nf6 4. Nc3 e6 5. Nf3 exd5 6. exd5 a6 7. a4 g6 8. Bc4
Bg7 9. O-O O-O 10. h3 Qa5 11. Re1 b5 12. Bf1 b4 13. Ne4 Nxe4 14. Rxe4 Nd7 15.
Bc4 Ra7 16. Bf4 Nf6 17. Re2 Qd8 18. Qd2 Re8 19. Rae1 Rae7 20. Bg5 Rxe2 21. Rxe2
Qd7 22. Qe1 Qxa4 23. Re7 Kf8 24. Rxe8+ Qxe8 25. Qa1 Ne4 26. Bc1 Bb7 27. Qa5 Qc8
28. b3 Nc3 29. Bf4 Ke7 30. Qb6 Qd7 31. Bxd6+ Qxd6 32. Qxb7+ Kf6 33. Bxa6 Qxd5
34. Qb6+ Ke7 35. Bd3 Bd4 36. Bc4 Qd7 37. Nxd4 Qxd4 38. Qc7+ Kf6 39. Qxf7+ Kg5
40. Qe7+ Kh6 41. Qf8+ Kg5 42. h4+ Kxh4 43. Qh6+ Kg4 44. Be6# 1-0

[Event "Kieler Open 2019-A"]
[Site "Kiel"]
[Date "2019.07.30"]
[Round "6.36"]
[White "Buchholz, Ralf"]
[Black "Koch, Ralf-Johannes"]
[Result "0-1"]
[WhiteElo "1909"]
[BlackElo "1724"]
[Annotator "M.Z."]
[PlyCount "128"]
[EventDate "2019.??.??"]
[WhiteTeam "Königsspr Braunschweig"]
[BlackTeam "Eckernförder SC"]

1. c4 Nf6 2. Nc3 c5 3. g3 g6 4. Bg2 Nc6 5. Nf3 Bg7 6. d4 cxd4 7. Nxd4 O-O 8.
O-O Qb6 9. Nb3 d6 10. Nd5 Qd8 11. e4 e6 12. Nc3 Qe7 13. Qe2 Nd7 14. Bd2 Nc5 15.
Nxc5 dxc5 16. Rad1 Nd4 17. Qe3 Bd7 18. Bc1 Bc6 19. Ne2 Rfd8 20. Nxd4 cxd4 21.
Qd3 e5 22. f4 f6 23. Rf2 Rf8 24. Rdf1 Qc5 25. b4 Qb6 26. Qb3 Qc7 27. a4 Bd7 28.
fxe5 fxe5 29. c5+ Kh8 30. Rf7 Qc6 31. b5 Qc8 32. Qd5 Rxf7 33. Qxf7 Be6 34. Qe7
Kg8 35. Ba3 Qd7 36. Qxd7 Bxd7 37. Rc1 Rc8 38. Bf1 Kf7 39. Bc4+ Be6 40. Rf1+ Bf6
41. Bd5 Rd8 42. Bxb7 d3 43. Bb4 d2 44. Rd1 Bg5 45. Bd5 Bxd5 46. exd5 Rxd5 47.
c6 Ke6 48. Kf1 e4 49. Ke2 e3 50. h4 Bh6 51. g4 Bf4 52. Kf3 g5 53. h5 Rd4 54.
Bc5 Re4 55. Ke2 Rxa4 56. b6 axb6 57. Bxb6 Re4 58. Ba5 Rc4 59. c7 Kd7 60. Bb6
Rc1 61. Ba5 Rxd1 62. Kxd1 Bxc7 63. Bc3 Bf4 64. Ke2 Ke6 0-1

[Event "Kieler Open 2019-A"]
[Site "Kiel"]
[Date "2019.07.30"]
[Round "6.37"]
[White "Ortner, Jonas Ruben"]
[Black "Schramm, Daniel"]
[Result "1-0"]
[WhiteElo "1740"]
[BlackElo "1837"]
[Annotator "M.Z."]
[PlyCount "113"]
[EventDate "2019.??.??"]
[WhiteTeam "SK Bebenhausen"]
[BlackTeam "Kieler SG"]

1. e4 g6 2. d4 Bg7 3. Nc3 c6 4. Be3 d5 5. Qd2 dxe4 6. Nxe4 Nf6 7. Nxf6+ exf6 8.
O-O-O Be6 9. Kb1 O-O 10. Bh6 Qd5 11. c4 Bxh6 12. Qxh6 Qf5+ 13. Bd3 Qxf2 14. Nf3
Qxg2 15. Nd2 Qh3 16. Qxh3 Bxh3 17. Ne4 Rd8 18. Bc2 Kg7 19. c5 Na6 20. Nd6 b6
21. Bd3 Nb4 22. Be4 Be6 23. a3 Nd5 24. h4 bxc5 25. dxc5 Rab8 26. Kc1 f5 27. Bc2
Ne3 28. Rd3 Nxc2 29. Kxc2 Bd5 30. Re1 Rxd6 31. cxd6 Be4 32. Red1 Rd8 33. Kc3
Bxd3 34. Rxd3 Kf6 35. Kc4 Ke6 36. Kc5 Kd7 37. Rb3 h6 38. Rb7+ Ke6 39. Re7+ Kf6
40. Kxc6 f4 41. Kc7 Rxd6 42. Kxd6 g5 43. hxg5+ hxg5 44. Re1 f3 45. Kd5 Kf5 46.
Kd4 Kf4 47. Re4+ Kg3 48. Ke3 f5 49. Re5 f4+ 50. Kd2 g4 51. Rg5 Kh4 52. Rg8 g3
53. Ke1 f2+ 54. Kf1 f3 55. b4 Kh3 56. a4 g2+ 57. Kxf2 1-0